000 00319nam a2200133Ia 4500
005 20251222155209.0
008 251222s9999||||xx |||||||||||||| ||spa||
082 _aAFIS 19
100 _aMILLER, Jonathan,
245 0 _aUn estudio tridimensional Cuerpo Humano
250 _a1ra. ed.
264 _bNorma
942 _cLIB
999 _c40223
_d40223